Estadísticas para Países Reconocidos, no Reconocidos, y Territorios del Mundo

Haz click aquí para tomar la prueba!

Estadísticas generales

  • Esta prueba ha sido tomada 31.867 veces
    (3.831 desde el último reinicio)
  • La puntuación promedio es 177 de 247

Respuestas en el mapa

Las respuestas están codificadas por una escala verde-roja en el mapa de la prueba según el % correcto abajo.
 

Estadísticas de respuestas

País% Correcto
Canadá
91%
Estados Unidos
91%
España
90%
México
90%
Argentina
89%
Brasil
89%
Chile
89%
Francia
89%
Portugal
89%
Rusia
89%
China
88%
Colombia
88%
Perú
88%
Reino Unido
88%
Venezuela
88%
Alemania
87%
Bolivia
87%
Cuba
87%
Ecuador
87%
Irlanda
87%
Islandia
87%
Italia
87%
Noruega
87%
Paraguay
87%
Uruguay
87%
Australia
86%
Finlandia
86%
Japón
86%
Suecia
86%
Corea del Norte
85%
Corea del Sur
85%
Dinamarca
85%
El Salvador
85%
Groenlandia
85%
Guyana
85%
India
85%
Países Bajos
85%
Panamá
85%
Polonia
85%
República Dominicana
85%
Suiza
85%
Ucrania
85%
Bélgica
84%
Egipto
84%
Grecia
84%
Guatemala
84%
Haití
84%
Honduras
84%
Marruecos
84%
Turquía
84%
Austria
83%
Bielorrusia
83%
Costa Rica
83%
Estonia
83%
Letonia
83%
Lituania
83%
Madagascar
83%
Mongolia
83%
Nicaragua
83%
Nueva Zelanda
83%
Sudáfrica
83%
Arabia Saudita
82%
Argelia
82%
Croacia
82%
Irán
82%
República Democrática del Congo
82%
Rumania
82%
Surinam
82%
Albania
81%
Indonesia
81%
Irak
81%
Israel
81%
Kazajistán
81%
Kosovo
81%
República Checa
81%
República del Congo
81%
Afganistán
80%
Belice
80%
Bulgaria
80%
Chipre
80%
Eslovaquia
80%
Filipinas
80%
Hungría
80%
Jamaica
80%
Níger
80%
Pakistán
80%
Serbia
80%
Bahamas
79%
Bosnia y Herzegovina
79%
Emiratos Árabes Unidos
79%
Eslovenia
79%
Guinea
79%
Malta
79%
Montenegro
79%
Nigeria
79%
Sudán
79%
Tailandia
79%
Vietnam
79%
Yemen
79%
Catar
78%
Luxemburgo
78%
Macedonia del Norte
78%
Moldavia
78%
Nepal
78%
Palestina
78%
Taiwán
78%
Túnez
78%
Andorra
77%
Armenia
77%
Ciudad del Vaticano
77%
Etiopía
77%
Georgia
77%
Libia
77%
Omán
77%
Siria
77%
Somalia
77%
Angola
76%
Azerbaiyán
76%
Jordania
76%
Laos
76%
Malí
76%
Papua Nueva Guinea
76%
Senegal
76%
Sri Lanka
76%
Sudán del Sur
76%
Uzbekistán
76%
Camerún
75%
Chad
75%
Guinea Ecuatorial
75%
Kenia
75%
Malasia
75%
San Marino
75%
Bangladés
74%
Cabo Verde
74%
Ghana
74%
Maldivas
74%
Mauritania
74%
Puerto Rico
74%
Bután
73%
Camboya
73%
Costa de Marfil
73%
Kirguistán
73%
Líbano
73%
Mozambique
73%
Myanmar
73%
República Centroafricana
73%
Tanzania
73%
Turkmenistán
73%
Zambia
73%
Islas Malvinas
72%
Tayikistán
72%
Togo
72%
Trinidad y Tobago
72%
Uganda
72%
Zimbabue
72%
Botsuana
71%
Eritrea
71%
Gabón
71%
Guinea-Bissau
71%
Kuwait
71%
Lesoto
71%
Liberia
71%
Mónaco
71%
Dominica
70%
Estados Federados de Micronesia
70%
Fiyi
70%
Liechtenstein
70%
Mauricio
70%
Namibia
70%
Ruanda
70%
Burkina Faso
69%
Gambia
69%
Sahara Occidental
69%
Seychelles
69%
Sierra Leona
69%
Singapur
69%
Suazilandia
69%
Yibuti
69%
Benín
68%
Santa Lucía
68%
Antigua y Barbuda
67%
Barbados
67%
Baréin
67%
Burundi
67%
Islas Marshall
67%
Kiribati
67%
Malaui
67%
Samoa
67%
Granada
66%
Islas Salomón
66%
Santo Tomé y Príncipe
66%
Tonga
66%
Vanuatu
66%
Comoras
65%
Palaos
65%
Tuvalu
65%
Brunéi
64%
Guayana Francesa
64%
Islas Feroe
64%
San Vicente y las Granadinas
64%
Nauru
63%
San Cristóbal y Nieves
63%
Timor Oriental
63%
Bermudas
54%
Chipre del Norte
54%
Polinesia Francesa
54%
Isla de Man
52%
Islas Caimán
52%
Gibraltar
51%
Hong Kong
51%
Aruba
50%
Isla de Navidad
50%
Islas Vírgenes Británicas
50%
Somalilandia
50%
Guam
49%
Curazao
48%
Islas Cook
46%
Islas Vírgenes de
los Estados Unidos
46%
La Reunión
46%
Nueva Caledonia
46%
Martinica
45%
Samoa Americana
45%
Santa Elena, Ascensión
y Tristán de Acuña​
45%
Transnistria
45%
Abjasia
44%
Guadalupe
44%
Svalbard y Jan Mayen
43%
Osetia del Sur
42%
Islas Marianas del Norte
41%
Islas Turcas y Caicos
41%
Jersey
41%
Anguilla
40%
Islas Cocos
40%
Macao
40%
San Martín
40%
Sint Maarten
40%
Caribe Neerlandés
39%
Guernsey
38%
Montserrat
38%
Niue
38%
Mayotte
37%
San Pedro y Miquelón
36%
Islas Pitcairn
35%
Tokelau
35%
Isla Norfolk
33%
Wallis y Futuna
32%
San Bartolomé
27%

Distribución de puntuación

Porcentaje por número respondido

Porcentaje de gente con cada puntuación

Historial de tus puntuaciones

No has tomado esta prueba desde el último reinicio